000 002610000a22000970004500
100 1 _aMonsma, Timothy
245 1 0 _aModernización, urbanización y cristianización
300 _aVol. 4, Núm 1 (2002), Páginas 143-150
773 0 _tReforma Siglo 21
942 _cANA
999 _c52940
_d52940